000 00458nam a2200181Ia 4500
005 20250423095111.0
008 250422s9999 xx 000 0 und d
020 _a9780393322477
050 _aBD 581 .H64/
100 _aHogan, Linda
245 0 _aDwellings : a spiritual history of the living world
260 _aNew York
260 _bW. W. Norton & Company
260 _c1995
300 _a159 p
650 _aPhilosophy of nature.
942 _cBK
999 _c29240
_d29240